Nutshells company law / (Record no. 475)

000 -LEADER
fixed length control field 00564nam a22002177a 4500
003 - CONTROL NUMBER IDENTIFIER
control field OSt
005 - DATE AND TIME OF LATEST TRANSACTION
control field 20140116120829.0
008 - FIXED-LENGTH DATA ELEMENTS--GENERAL INFORMATION
fixed length control field 111021t xxu||||| |||| 00| 0 eng d
020 ## - INTERNATIONAL STANDARD BOOK NUMBER
International Standard Book Number 9781847037664
040 ## - CATALOGING SOURCE
Transcribing agency OC
050 ## - LIBRARY OF CONGRESS CALL NUMBER
Classification number KD2057.R67 2009
100 ## - MAIN ENTRY--PERSONAL NAME
Personal name Rose, Francis
245 ## - TITLE STATEMENT
Title Nutshells company law /
Statement of responsibility, etc Francis Rose .
250 ## - EDITION STATEMENT
Edition statement 7th ed.
260 ## - PUBLICATION, DISTRIBUTION, ETC. (IMPRINT)
Place of publication, distribution, etc London :
Name of publisher, distributor, etc Sweet and Maxwell; Thomson Reuters ,
Date of publication, distribution, etc 2009 .
300 ## - PHYSICAL DESCRIPTION
Extent xlvi, 135 p.
440 ## - SERIES STATEMENT/ADDED ENTRY--TITLE
Title Nutshells series
500 ## - GENERAL NOTE
General note Includes index
650 ## - SUBJECT ADDED ENTRY--TOPICAL TERM
Topical term or geographic name as entry element Company law
942 ## - ADDED ENTRY ELEMENTS (KOHA)
Source of classification or shelving scheme
Koha item type Book
Holdings
Withdrawn status Lost status Source of classification or shelving scheme Damaged status Not for loan Home library Current library Date acquired Source of acquisition Total Checkouts Total Renewals Full call number Barcode Date last seen Date checked out Copy number Price effective from Koha item type
          Riara University Library Riara University Library 21/10/2011 Purchase 17 2 KD2057.R67 2009 364/11 29/07/2025 24/07/2025 C.1 21/10/2011 Book
          Riara University Library Riara University Library 21/10/2011 Purchase 10 2 KD2057.R67 2009 365/11 22/04/2024 04/04/2024 C.2 21/10/2011 Book
          Riara University Library Riara University Library 21/10/2011 Purchase 15 3 KD2057.R67 2009 366/11 20/03/2024 05/03/2024 C.3 21/10/2011 Book

Riara University Library,
P.O. Box 49940-00100,
Nairobi, Kenya.